Fundamentals Of Fluid Mechanics (Record no. 318052)
[ view plain ]
| 000 -LEADER | |
|---|---|
| fixed length control field | 00415nam a2200157Ia 4500 |
| 008 - FIXED-LENGTH DATA ELEMENTS--GENERAL INFORMATION | |
| fixed length control field | 230718s9999 xx 000 0 und d |
| 041 ## - LANGUAGE CODE | |
| Language code of text/sound track or separate title | eng |
| 082 ## - DEWEY DECIMAL CLASSIFICATION NUMBER | |
| Classification number | 620.106 |
| Item number | MUN |
| 100 ## - MAIN ENTRY--PERSONAL NAME | |
| Personal name | Munson B.R. |
| 245 ## - TITLE STATEMENT | |
| Title | Fundamentals Of Fluid Mechanics |
| 250 ## - EDITION STATEMENT | |
| Edition statement | 5th ed. |
| 260 ## - PUBLICATION, DISTRIBUTION, ETC. (IMPRINT) | |
| Name of publisher, distributor, etc. | John Wiley |
| 365 ## - TRADE PRICE | |
| Currency code | Rs. |
| Price amount | 529.00 |
| 700 ## - ADDED ENTRY--PERSONAL NAME | |
| Personal name | Munson B.R.; Young D.F. & Okiishi T.H. |
| 906 ## - LOCAL DATA ELEMENT F, LDF (RLIN) | |
| d | B:95422-Nov-2007 |
| c | MECH |
| b | 105.8 |
| Withdrawn status | Lost status | Damaged status | Not for loan | Home library | Current library | Date acquired | Vendor | Budget Code | Cost, normal purchase price | Bill number | Total Checkouts | Total Renewals | Full call number | Barcode | Checked out | Date last seen | Date last checked out | Discount | Cost, replacement price | Bill Date | Koha item type | Original Barcode |
|---|---|---|---|---|---|---|---|---|---|---|---|---|---|---|---|---|---|---|---|---|---|---|
| Cummins College of Engineering for Women Pune | Cummins College of Engineering for Women Pune | 07/01/2008 | Goels Computer Hut | MECH | 423.20 | 954 | 14 | 1 | 620.106 | CCEP-BK-29259 | 17/04/2026 | 03/04/2026 | 03/04/2026 | 105.8 | 529.00 | 22/11/2007 | Books | 029259 |